Comunicación: estudio del lenguaje
Guardat en:
| Autor principal: | |
|---|---|
| Format: | Llibre |
| Idioma: | espanyol |
| Publicat: |
Barcelona
Bibliográfica Internacional
2004
|
| Edició: | 2a. ed |
| Matèries: | |
| Etiquetes: |
Afegir etiqueta
Sense etiquetes, Sigues el primer a etiquetar aquest registre!
|
MARC
| LEADER | 00000cam a2200000 a 4500 | ||
|---|---|---|---|
| 001 | UCF3548 | ||
| 003 | CL-VaPUC | ||
| 008 | 121018e20040900SP |||||||||||||||||spa|d | ||
| 020 | |a 9567240256 | ||
| 082 | 0 | 4 | |a 372.6 |b FUE |2 21 |
| 100 | 0 | |a Fuentes de la Corte, Juan Luis |e author |9 565365 | |
| 245 | 1 | 0 | |a Comunicación: estudio del lenguaje |
| 250 | |a 2a. ed | ||
| 300 | |a 554 p | ||
| 942 | |c BK | ||
| 945 | |d 20121018 00:00:00 |a dcastane | ||
| 260 | |a Barcelona |b Bibliográfica Internacional |c 2004 | ||
| 650 | 0 | |a Enseñanza del lenguaje |9 373325 | |
| 650 | 0 | |a Comprensión de lectura |9 307588 | |
| 650 | 0 | |a Escritura |9 264941 | |
| 583 | |a last modification |c 20121018 14:27:00 |k Rodrigo Vera | ||
| 999 | |c 349823 |d 349821 | ||
| 952 | |0 0 |1 0 |4 0 |6 372_600000000000000_FUE_2004 |7 0 |8 A |9 452626 |a BIBEDU |b BIBEDU |c ES_NOD |d 2019-11-22 |i 4916484 |o 372.6 FUE 2004 |p 4916484 |r 2023-08-09 |w 2019-11-22 |y BK |k EPE | ||